LEADER 01271nam a2200229 i 4500 001 000000204173 003 CaOOAMICUS 005 20110719000000.0 008 110719s1541 xx u000 u lat u 013 $a182891 040 $aSeMil$bita 245 10$aDerelictorum ab Homero libri XIV Jodoco Valaraeo interprete ; Item :$bColutus Thebanus, Raptus Helenae interprete eodem. 260 $aLione :$bapud Sebastianum Gryphium,$c1541. 300 $a10 x 16 ;$cpp. 272 ;$crom. 500 $aE' legato con : Homerus, Ilias ... (v.). - Descrizione da : Incunaboli e Cinquecentine della Biblioteca del Seminario di Milano / catalogo a cura di Ubaldo Valentini, Milano 1981. - Numero di catalogo : 1353. 650 4$aCinquecentine.$0(OLS)http://semarc/subject/1297 650 4$aMariologia - Testi.$0(OLS)http://semarc/subject/599 700 1 $aQuintus : Smyrnaeus,$d.$0(OLS)http://semarc/name/66478 850 $aSeMil 852 $aSeMil$W1$xVenegono$y1$mFV.D II 29/3$j154667$B154667$CSeMilBibl$Z2$F165481 $86 996 $6245$aDerelictorum ab Homero libri XIV Jodoco Valaraeo interprete ; Item :$bColutus Thebanus, Raptus Helenae interprete eodem$9(OLS)http://semarc/title/295853 996 $6260$aLione :$bapud Sebastianum Gryphium$9(OLS)http://semarc/publisher/44340 LEADER 00663nam a2200169 i 4500 001 000000155283 003 CaOOAMICUS 005 20061106000000.0 008 061106s1905 it u000 u ita u 013 $a132632 040 $aSeMil$bita 245 13$aLa grandezza. 300 $a464 p. :$bill. + 1 c. ripiegata. 773 0 $aMolmenti, Pompeo <1852-1928>$tStoria di Venezia nella vita privata.$b4. edizione interamente rifatta.$dBergamo : Istituto Italiano d'Arti Grafiche, 1905-1908.$gParte1$w()16777 850 $aSeMil 852 $aSeMil$W1$xVenegono$y1$m5K IX 31$j107120$B107120$CSeMilBibl$Z2$F116516 $8I 996 $6245$aLa grandezza$9(OLS)http://semarc/title/227374